[Event "Cipressina op-B 2nd"]
[Site "Venice"]
[Date "2013.11.30"]
[Round "3"]
[White "Moretto, Gian Franco"]
[Black "Daccico, Gianni"]
[Result "0-1"]
[WhiteElo "1371"]
[BlackElo "1600"]
[PlyCount "42"]
[EventDate "2013.11.29"]
[EventType "swiss"]
[EventRounds "5"]
[EventCountry "ITA"]
[SourceTitle "EXT 2015"]
[Source "ChessBase"]
[SourceDate "2014.11.20"]
[SourceVersion "1"]
[SourceVersionDate "2014.11.20"]
[SourceQuality "1"]

1. e4 e5 2. Nf3 Nc6 3. Bb5 a6 4. Ba4 Nf6 5. 0-0 Bc5 6. d3 d6 7. Bg5 b5 8. Bb3 0-0 9. a3 Bg4 10. Nbd2 h6 11. Bh4 g5 12. Bg3 Ne7 13. Qc1 Ng6 14. Re1 Qd7 15. h3 Bxh3 16. gxh3 Qxh3 17. Nf1 Nf4 18. Bxf4 gxf4 19. N1h2 Ng4 20. Qd2 Kh7 21. Kh1 Nxf2+ 0-1

[Event "Venice Province-ch 70th"]
[Site "Venice Mestre"]
[Date "2010.01.31"]
[Round "4"]
[White "Rossi, Aldo V"]
[Black "Moretto, Gian Franco"]
[Result "1-0"]
[WhiteElo "1458"]
[BlackElo "1460"]
[PlyCount "117"]
[EventDate "2010.01.29"]
[EventType "swiss"]
[EventRounds "5"]
[EventCountry "ITA"]
[SourceTitle "EXT 2022"]
[Source "ChessBase"]
[SourceDate "2021.10.06"]
[SourceVersion "1"]
[SourceVersionDate "2021.10.06"]
[SourceQuality "1"]

1. c4 c5 2. Nf3 Nf6 3. g3 e6 4. Bg2 Be7 5. 0-0 0-0 6. Nc3 Nc6 7. d4 d5 8. cxd5 exd5 9. b3 cxd4 10. Nxd4 Nxd4 11. Qxd4 Be6 12. Bb2 Qa5 13. e4 Rfd8 14. e5 Bc5 15. Qd3 Ng4 16. Nd1 Qb6 17. Qe2 d4 18. Kh1 d3 19. Qd2 Bd5 20. Bxd5 Rxd5 21. Qf4 Qc6 22. Kg1 Qe6 23. h3 Nxe5 24. Nc3 Ng6 25. Qf3 Rf5 26. Qxd3 Re5 27. Kg2 Rg5 28. Ne2 Ne5 29. Qc3 Qc6+ 30. f3 Re8 31. Rae1 f6 32. Kh2 Ng6 33. f4 Rd5 34. Qc4 Kh8 35. Nd4 Bxd4 36. Rxe8+ Qxe8 37. Bxd4 Ne7 38. Re1 Rd7 39. Bc5 h6 40. Qe4 Rd2+ 41. Re2 Rxe2+ 42. Qxe2 Qg6 43. Bxe7 a6 44. g4 Kh7 45. Bc5 Qf7 46. Qe4+ g6 47. h4 Qc7 48. b4 a5 49. Qe7+ Qxe7 50. Bxe7 axb4 51. Bxb4 Kg7 52. Kg3 Kf7 53. Kf3 Ke6 54. Ke4 h5 55. f5+ gxf5+ 56. gxf5+ Kd7 57. Kd5 b6 58. a4 Kc7 59. Ke6 1-0

[Event "Venice Province-ch 70th"]
[Site "Venice Mestre"]
[Date "2010.01.30"]
[Round "2"]
[White "Moretto, Gian Franco"]
[Black "Roiatti, Noris"]
[Result "0-1"]
[WhiteElo "1460"]
[BlackElo "1527"]
[PlyCount "60"]
[EventDate "2010.01.29"]
[EventType "swiss"]
[EventRounds "5"]
[EventCountry "ITA"]
[SourceTitle "EXT 2022"]
[Source "ChessBase"]
[SourceDate "2021.10.06"]
[SourceVersion "1"]
[SourceVersionDate "2021.10.06"]
[SourceQuality "1"]

1. e4 e5 2. Nf3 Nf6 3. Nc3 Nc6 4. Bc4 Nxe4 5. Nxe4 d5 6. Bxd5 Qxd5 7. d3 Bg4 8. 0-0 Nd4 9. Ned2 0-0-0 10. c3 Nxf3+ 11. Nxf3 Bxf3 12. Qxf3 Qxf3 13. gxf3 Rxd3 14. Be3 Be7 15. Rfe1 Bf6 16. Re2 Rhd8 17. Rae1 Rd1 18. Kf1 a6 19. h3 R8d6 20. f4 e4 21. Bc5 Rxe1+ 22. Rxe1 Re6 23. Be3 Bh4 24. Bd4 g6 25. Re2 f5 26. Be5 g5 27. Kg2 gxf4 28. Bxf4 h6 29. f3 Rg6+ 30. Kh2 exf3 0-1